000 00345nam a2200145 a 4500
005 20140414132136.0
008 131127s19uu xx 00 eng d
050 _aTR
_bWor919 2010
245 _aWords.
260 _aChina :
_bMake Believe Ideas Ltd,
_cc2010.
300 _a14
440 _aMix and match
650 _aWords-
999 _c115314
_d115314